[Event "X Open Vallee d'Aoste A"]
[Site "Saint Vincent - Chatillon ITA"]
[Date "2002.02.15"]
[Round "7"]
[White "Zelcic, Robert"]
[Black "D'Amore, Carlo"]
[Result "1-0"]
[WhiteElo "2544"]
[BlackElo "2436"]
[PlyCount "135"]
[EventDate "2002.02.09"]

1. e4 e5 2. Nf3 Nc6 3. Bc4 Nf6 4. d4 exd4 5. e5 d5 6. Bb5 Ne4 7. Nxd4 Bd7 8.
Bxc6 bxc6 9. O-O Bc5 10. f3 Ng5 11. f4 Ne6 12. c3 f5 13. Be3 O-O 14. Nd2 Bxd4
15. cxd4 c5 16. Nf3 c4 17. b3 Bb5 18. Rf2 a5 19. bxc4 Bxc4 20. Rc2 Bb5 21. a4
Bd7 22. Qd2 h6 23. Ne1 c5 24. dxc5 d4 25. Bxd4 Bc6 26. Be3 Qe8 27. Qf2 g5 28.
Rd2 Ra7 29. Rd6 Rg7 30. Qa2 Rg6 31. Rb1 Kh7 32. Rb6 Nd8 33. Qd2 Rfg8 34. Rxg6
Qxg6 35. Qd6 Bxa4 36. fxg5 Qxd6 37. exd6 hxg5 38. Nf3 f4 39. Bd2 Nc6 40. Bc3 g4
41. Ne5 Nxe5 42. Bxe5 Rg5 43. Rb7+ Kg6 44. Re7 Bb5 45. Kf2 a4 46. Bxf4 Rxc5 47.
d7 Rc2+ 48. Ke1 Bxd7 49. Rxd7 Rxg2 50. Rd2 Rg1+ 51. Kf2 Rb1 52. Kg3 Rg1+ 53.
Kh4 Kf5 54. Bg3 Ra1 55. Rd4 a3 56. Ra4 a2 57. Ra8 Kg6 58. Kxg4 Kf7 59. Ra6 Kg8
60. Ra7 Kf8 61. h4 Kg8 62. h5 Kf8 63. h6 Rh1 64. Be5 Kg8 65. Kg5 Rg1+ 66. Kf6
Rf1+ 67. Ke6 Rh1 68. h7+ 1-0

[Event "X Open Vallee d'Aoste A"]
[Site "Saint Vincent - Chatillon ITA"]
[Date "2002.02.16"]
[Round "8"]
[White "Acs, Peter"]
[Black "Roeder, Matthias"]
[Result "1/2-1/2"]
[WhiteElo "2526"]
[BlackElo "2478"]
[PlyCount "47"]
[EventDate "2002.02.09"]

1. e4 c5 2. Nf3 d6 3. d4 cxd4 4. Nxd4 Nf6 5. Nc3 a6 6. Be3 e5 7. Nb3 Be7 8. f3
Be6 9. Qd2 O-O 10. O-O-O Nbd7 11. g4 Qc7 12. Kb1 b5 13. g5 Nh5 14. Nd5 Bxd5 15.
exd5 Nb6 16. Na5 Nxd5 17. Qxd5 Qxa5 18. Bh3 Qa4 19. Bg4 Nf4 20. Qb7 Bxg5 21.
Rxd6 Rab8 22. Qa7 Ra8 23. Qb7 Rab8 24. Qa7 1/2-1/2

[Event "X Open Vallee d'Aoste A"]
[Site "Saint Vincent - Chatillon ITA"]
[Date "2002.02.16"]
[Round "8"]
[White "Colovic, Aleksandar"]
[Black "Fernandez Garcia, Jose' Luis"]
[Result "0-1"]
[WhiteElo "2364"]
[BlackElo "2470"]
[PlyCount "102"]
[EventDate "2002.02.09"]

1. e4 Nf6 2. e5 Nd5 3. d4 d6 4. Nf3 Bg4 5. Be2 c6 6. O-O Bxf3 7. Bxf3 dxe5 8.
dxe5 e6 9. Qe2 Nd7 10. c4 Ne7 11. b3 Ng6 12. Bb2 Qc7 13. Nd2 Ndxe5 14. Bh5
O-O-O 15. g3 Nd3 16. Bc3 Bb4 17. Bxb4 Nxb4 18. c5 Nc2 19. Rac1 Nd4 20. Qe3 Qe5
21. Qxe5 Nxe5 22. Ne4 g6 23. Bd1 Ndf3+ 24. Bxf3 Nxf3+ 25. Kg2 Nd2 26. Rfe1 Nxe4
27. Rxe4 Rd2 28. a4 Rhd8 29. g4 R8d4 30. Rc4 Rd5 31. a5 R2d3 32. b4 Kd7 33. Rc2
a6 34. Rce2 h5 35. h3 Ke7 36. Re1 Rb3 37. R1e2 hxg4 38. hxg4 Rd1 39. Rc2 Rdb1
40. Rcc4 g5 41. Rcd4 R1b2 42. Rc4 Ra3 43. Re5 Kf6 44. Re1 Raa2 45. Rd4 Rxf2+
46. Kg3 Rfd2 47. Rf1+ Ke7 48. Re4 Rd3+ 49. Rf3 Raa3 50. Rxd3 Rxd3+ 51. Kf2 f6
0-1

[Event "X Open Vallee d'Aoste A"]
[Site "Saint Vincent - Chatillon ITA"]
[Date "2002.02.16"]
[Round "8"]
[White "De Vreugt, Dennis"]
[Black "Roiz, Michael"]
[Result "0-1"]
[WhiteElo "2446"]
[BlackElo "2507"]
[PlyCount "60"]
[EventDate "2002.02.09"]

1. e4 e5 2. Nc3 Nf6 3. g3 b6 4. Bg2 Bb7 5. Nf3 Bb4 6. d3 Bxc3+ 7. bxc3 d6 8.
Nh4 Nbd7 9. O-O h6 10. Nf5 g6 11. Nxh6 Qe7 12. Bg5 Qf8 13. Ng4 Nh7 14. f4 f6
15. Bh6 Qe7 16. h4 O-O-O 17. f5 Rdg8 18. fxg6 Rxg6 19. h5 Rgg8 20. Ne3 Ng5 21.
Nf5 Qh7 22. c4 Kb8 23. g4 Nc5 24. Bxg5 Rxg5 25. Qf3 Rhg8 26. Ne3 Bc8 27. Qxf6
Bxg4 28. Nxg4 Rxg4 29. Rf2 Qxh5 30. Re1 Rh4 0-1

[Event "X Open Vallee d'Aoste A"]
[Site "Saint Vincent - Chatillon ITA"]
[Date "2002.02.16"]
[Round "8"]
[White "Delchev, Aleksander"]
[Black "Polak, Tomas"]
[Result "1/2-1/2"]
[WhiteElo "2591"]
[BlackElo "2482"]
[PlyCount "35"]
[EventDate "2002.02.09"]

1. Nf3 Nf6 2. c4 e6 3. Nc3 Bb4 4. Qc2 O-O 5. a3 Bxc3 6. Qxc3 b6 7. e3 Bb7 8.
Be2 d6 9. O-O Nbd7 10. b4 c5 11. Bb2 Qe7 12. d3 Rfe8 13. Rfe1 Rac8 14. b5 a6
15. bxa6 Bc6 16. d4 Ra8 17. d5 Ba4 18. e4 1/2-1/2

[Event "X Open Vallee d'Aoste A"]
[Site "Saint Vincent - Chatillon ITA"]
[Date "2002.02.16"]
[Round "8"]
[White "Dominguez Perez, Leinier"]
[Black "Chatalbashev, Boris"]
[Result "1-0"]
[WhiteElo "2594"]
[BlackElo "2529"]
[PlyCount "103"]
[EventDate "2002.02.09"]

1. e4 g6 2. d4 Bg7 3. Nf3 d6 4. c3 Nf6 5. Bd3 O-O 6. O-O Nbd7 7. Re1 e5 8. Nbd2
b6 9. a4 a5 10. Qc2 Bb7 11. d5 Nh5 12. Nf1 Ndf6 13. b4 Nf4 14. bxa5 Rxa5 15. c4
Bc8 16. Ne3 Ng4 17. Bd2 Ra7 18. a5 bxa5 19. Rxa5 Rxa5 20. Bxa5 f5 21. Qb1 fxe4
22. Bxe4 Nf6 23. Bc2 Nd7 24. Nd2 Nc5 25. Ne4 Nxe4 26. Bxe4 Bf5 27. Nxf5 gxf5
28. Bxf5 Qg5 29. Be6+ Nxe6 30. dxe6 Qf6 31. Bxc7 Qxf2+ 32. Kh1 Qc5 33. e7 Re8
34. Qb5 Rxe7 35. Qb8+ Bf8 36. Bxd6 Qf2 37. Rg1 Re6 38. c5 e4 39. c6 Rxd6 40. c7
Rc6 41. c8=Q Rxc8 42. Qxc8 e3 43. Qc4+ Qf7 44. Qxf7+ Kxf7 45. Rf1+ Kg7 46. Re1
Bc5 47. g3 Kg6 48. Kg2 Bd4 49. Kf3 Bc5 50. Rc1 Bd4 51. Rc4 Ba7 52. Rc6+ 1-0

[Event "X Open Vallee d'Aoste A"]
[Site "Saint Vincent - Chatillon ITA"]
[Date "2002.02.16"]
[Round "8"]
[White "Drasko, Milan"]
[Black "Collas, Didier"]
[Result "1/2-1/2"]
[WhiteElo "2504"]
[BlackElo "2409"]
[PlyCount "88"]
[EventDate "2002.02.09"]

1. Nf3 c5 2. c4 g6 3. g3 Bg7 4. Bg2 Nc6 5. O-O e6 6. Nc3 Nge7 7. b3 d5 8. Bb2
d4 9. Na4 b6 10. a3 a5 11. e3 e5 12. exd4 exd4 13. d3 O-O 14. Bc1 h6 15. Ra2
Bf5 16. Nh4 Bd7 17. f4 Bf6 18. Nf3 Rb8 19. Re2 Qc8 20. Nd2 Bg4 21. Bf3 Bxf3 22.
Rxf3 Nf5 23. Ne4 Bd8 24. Qf1 h5 25. Qg2 Kg7 26. Rf1 Qd7 27. h3 Rh8 28. Rfe1 Bc7
29. Nb2 Rbe8 30. Nd1 a4 31. bxa4 Na5 32. Bb2 f6 33. Ne3 Nxe3 34. Rxe3 h4 35.
R3e2 hxg3 36. f5 gxf5 37. Nxg3 Bxg3 38. Qxg3+ Kf7 39. Rxe8 Rxe8 40. Rxe8 Qxe8
41. Bc1 Qxa4 42. Qc7+ Kg6 43. Qg3+ Kf7 44. Qc7+ Kg6 1/2-1/2

[Event "X Open Vallee d'Aoste A"]
[Site "Saint Vincent - Chatillon ITA"]
[Date "2002.02.16"]
[Round "8"]
[White "Efimov, Igor"]
[Black "Komarov, Dimitri"]
[Result "1/2-1/2"]
[WhiteElo "2444"]
[BlackElo "2537"]
[PlyCount "26"]
[EventDate "2002.02.09"]

1. d4 Nf6 2. Nf3 e6 3. c4 Bb4+ 4. Bd2 Bxd2+ 5. Qxd2 O-O 6. Nc3 d5 7. e3 Nbd7 8.
Rc1 c6 9. Bd3 Qe7 10. O-O dxc4 11. Bxc4 b6 12. Qe2 Bb7 13. Rfd1 c5 1/2-1/2

[Event "X Open Vallee d'Aoste A"]
[Site "Saint Vincent - Chatillon ITA"]
[Date "2002.02.16"]
[Round "8"]
[White "Epishin, Vladimir V."]
[Black "Babula, Vlastimil"]
[Result "1-0"]
[WhiteElo "2599"]
[BlackElo "2551"]
[PlyCount "99"]
[EventDate "2002.02.09"]

1. d4 d5 2. c4 c6 3. e3 Nf6 4. Bd3 e5 5. Ne2 e4 6. Bc2 Bd6 7. Nbc3 O-O 8. Bd2
Nbd7 9. Ng3 Re8 10. Qe2 a6 11. a4 Nf8 12. cxd5 cxd5 13. Nh5 N8d7 14. O-O Nxh5
15. Qxh5 Nf6 16. Qh4 Bd7 17. f3 Bc6 18. Rf2 Be7 19. Raf1 h6 20. Re2 b5 21. fxe4
Nxe4 22. Qf4 Bf6 23. Bxe4 dxe4 24. axb5 axb5 25. Ref2 Qb8 26. Qg4 Qc8 27. Qh5
Qd7 28. d5 Bb7 29. Rxf6 gxf6 30. Rxf6 Ra1+ 31. Kf2 Ra6 32. Qxh6 Qf5+ 33. Rxf5
Rxh6 34. Nxb5 Rb6 35. d6 Bc6 36. Nc7 Rxb2 37. Nxe8 Rxd2+ 38. Ke1 Rd3 39. Nf6+
Kg7 40. Nh5+ Kg6 41. Rc5 Rxd6 42. g4 Bd7 43. Nf4+ Kh6 44. g5+ Kg7 45. Kf2 Bg4
46. Kg3 Bf3 47. Nd5 Ra6 48. Nf6 Ra2 49. Rc8 Kg6 50. Kf4 1-0

[Event "X Open Vallee d'Aoste A"]
[Site "Saint Vincent - Chatillon ITA"]
[Date "2002.02.16"]
[Round "8"]
[White "Flear, Glenn Curtis"]
[Black "Likavsky, Tomas"]
[Result "1-0"]
[WhiteElo "2511"]
[BlackElo "2415"]
[PlyCount "95"]
[EventDate "2002.02.09"]

1. d4 Nf6 2. c4 g6 3. Nc3 Bg7 4. e4 d6 5. f4 O-O 6. Nf3 c5 7. dxc5 Qa5 8. Bd3
Qxc5 9. Qe2 Nc6 10. Be3 Qa5 11. O-O Ng4 12. Bd2 Qb6+ 13. Kh1 Qxb2 14. Rab1 Qa3
15. Nb5 Qc5 16. h3 Qh5 17. Qe1 Nf6 18. Nh2 Ne8 19. f5 Bh6 20. Ng4 Bxd2 21. Qxd2
Ne5 22. Nxe5 dxe5 23. Qb4 Qg5 24. Qc5 Bd7 25. Qxe5 Rd8 26. Rf3 Nd6 27. Rg3 Qd2
28. Nc3 e6 29. Rd1 Qb2 30. Bf1 Nxe4 31. Qxe4 Bc6 32. Qe1 exf5 33. Nd5 Bxd5 34.
cxd5 Qxa2 35. d6 Rfe8 36. Qb4 Qc2 37. Rgd3 b6 38. R3d2 Qe4 39. Bc4 b5 40. Qxb5
Qh4 41. Qd5 Re6 42. d7 f4 43. Re2 f3 44. Rxe6 fxe6 45. Qxe6+ Kg7 46. Qe5+ Kh6
47. Qe3+ Kg7 48. Qd4+ 1-0

[Event "X Open Vallee d'Aoste A"]
[Site "Saint Vincent - Chatillon ITA"]
[Date "2002.02.16"]
[Round "8"]
[White "Khenkin, Igor"]
[Black "Scalcione, Michelangelo"]
[Result "1-0"]
[WhiteElo "2584"]
[BlackElo "2329"]
[PlyCount "57"]
[EventDate "2002.02.09"]

1. d4 Nf6 2. c4 d6 3. Nc3 Bf5 4. g3 Ne4 5. Qd3 d5 6. cxd5 Nxc3 7. Qxf5 Nxd5 8.
a3 Nc6 9. Nf3 g6 10. Qd3 Bg7 11. Bg2 Nb6 12. O-O O-O 13. Rd1 a5 14. d5 Ne5 15.
Nxe5 Bxe5 16. Qc2 Qd7 17. Be3 a4 18. Rac1 Bd6 19. Bd4 g5 20. Be4 f5 21. Bg2 Rf7
22. e4 fxe4 23. Qxe4 Rb8 24. Bf3 Rxf3 25. Qxf3 Rf8 26. Qe3 Qf5 27. Qe6+ Qxe6
28. dxe6 Rf5 29. Bxb6 1-0

[Event "X Open Vallee d'Aoste A"]
[Site "Saint Vincent - Chatillon ITA"]
[Date "2002.02.16"]
[Round "8"]
[White "Palac, Mladen"]
[Black "Dervishi, Erald"]
[Result "1-0"]
[WhiteElo "2580"]
[BlackElo "2525"]
[PlyCount "101"]
[EventDate "2002.02.09"]

1. e4 e5 2. Nf3 Nc6 3. Bb5 a6 4. Ba4 Nf6 5. O-O Be7 6. Re1 b5 7. Bb3 d6 8. a4
Bd7 9. c3 O-O 10. d4 Bg4 11. d5 Na5 12. Bc2 Qc8 13. h3 Bd7 14. Nbd2 c6 15. dxc6
Qxc6 16. Nf1 h6 17. Ng3 Rfe8 18. Nh4 Bf8 19. Qf3 Re6 20. Nhf5 Qb7 21. axb5 axb5
22. b3 Bc6 23. Bd2 d5 24. c4 dxe4 25. Nxe4 Nxe4 26. Bxe4 b4 27. Bd5 Ra6 28.
Nxh6+ Rxh6 29. Bxh6 Bxd5 30. cxd5 gxh6 31. Rxe5 Nc4 32. Rxa6 Nxe5 33. Qg3+ Ng6
34. Rc6 Qd7 35. Qf3 Ne5 36. Qg3+ Bg7 37. Rxh6 Qxd5 38. Rb6 Ng6 39. Rxb4 Be5 40.
Qg4 Bd6 41. Rd4 Qe5 42. g3 Bc5 43. Rd1 Kh7 44. Qf3 Kg7 45. Rd5 Qa1+ 46. Kg2 Bd4
47. h4 Bf6 48. h5 Ne5 49. Qe4 Qc3 50. b4 Qc7 51. g4 1-0

[Event "X Open Vallee d'Aoste A"]
[Site "Saint Vincent - Chatillon ITA"]
[Date "2002.02.16"]
[Round "8"]
[White "Pavlovic, Milos"]
[Black "Estremera Panos, Sergio"]
[Result "1/2-1/2"]
[WhiteElo "2497"]
[BlackElo "2385"]
[PlyCount "90"]
[EventDate "2002.02.09"]

1. c4 Nf6 2. Nc3 e5 3. Nf3 Nc6 4. g3 Nd4 5. Nh4 d5 6. cxd5 Nxd5 7. e3 Nc6 8. a3
Be7 9. Bg2 Nxc3 10. bxc3 Bxh4 11. gxh4 Qxh4 12. Rb1 O-O 13. Qf3 Qc4 14. Qe4
Qxe4 15. Bxe4 Nd8 16. d4 exd4 17. cxd4 c6 18. Bc2 Be6 19. a4 Re8 20. f3 b6 21.
Kf2 c5 22. dxc5 Rc8 23. Ba3 Nb7 24. Rhc1 Nxc5 25. a5 Rb8 26. e4 Rec8 27. Ke3
Nb7 28. Bd3 Nxa5 29. Bd6 Rxc1 30. Rxc1 Rc8 31. Ra1 Rc3 32. Bb4 Rb3 33. Bxa5
bxa5 34. Kd4 Rb2 35. Rxa5 Rxh2 36. Rxa7 g5 37. Ke5 Kg7 38. f4 gxf4 39. Kxf4 h5
40. Bb5 h4 41. Bd7 Rf2+ 42. Ke3 Rf6 43. Bxe6 Rxe6 44. Kf4 Rh6 45. Ra2 h3
1/2-1/2

[Event "X Open Vallee d'Aoste A"]
[Site "Saint Vincent - Chatillon ITA"]
[Date "2002.02.16"]
[Round "8"]
[White "Skripchenko Lautier, Almira"]
[Black "Sarno, Spartaco"]
[Result "1/2-1/2"]
[WhiteElo "2498"]
[BlackElo "2395"]
[PlyCount "109"]
[EventDate "2002.02.09"]

1. e4 d6 2. d4 Nf6 3. Nc3 g6 4. Be3 Bg7 5. Qd2 O-O 6. f3 c6 7. Bh6 b5 8. h4
Bxh6 9. Qxh6 Nbd7 10. h5 e5 11. dxe5 dxe5 12. O-O-O Qe7 13. g4 Nc5 14. Nh3 Be6
15. Nf2 b4 16. Ne2 Rfd8 17. Rxd8+ Rxd8 18. Ng3 Bxa2 19. Nd3 Nxd3+ 20. Bxd3 c5
21. Rg1 Kh8 22. b3 Ng8 23. Qe3 Qc7 24. Bb5 c4 25. Bxc4 Qa5 26. Bd3 Bxb3 27.
cxb3 Rxd3 28. Qxd3 Qc5+ 29. Kd2 Qxg1 30. Ne2 Qf2 31. hxg6 hxg6 32. g5 Kg7 33.
Qe3 Qf1 34. f4 Qa1 35. fxe5 Qb2+ 36. Ke1 Qxe5 37. Qd4 Qxd4 38. Nxd4 Ne7 39. e5
Kf8 40. Ke2 Ke8 41. Kd3 Kd7 42. Kc4 Nf5 43. Nf3 Kc6 44. e6 fxe6 45. Ne5+ Kb6
46. Nxg6 Nd6+ 47. Kxb4 Nf7 48. Kc4 Nxg5 49. Ne5 Ne4 50. Nd7+ Kc7 51. Ne5 Nf6
52. Kb5 Nd7 53. Nc4 e5 54. b4 e4 55. Ne3 1/2-1/2

[Event "X Open Vallee d'Aoste A"]
[Site "Saint Vincent - Chatillon ITA"]
[Date "2002.02.16"]
[Round "8"]
[White "Tatai, Stefano"]
[Black "Godena, Michele"]
[Result "1/2-1/2"]
[WhiteElo "2345"]
[BlackElo "2487"]
[PlyCount "23"]
[EventDate "2002.02.09"]

1. e4 e5 2. Nf3 Nc6 3. Bb5 a6 4. Ba4 Nf6 5. O-O Bc5 6. Bxc6 dxc6 7. d3 Qe7 8.
Be3 Bxe3 9. fxe3 Bg4 10. Qe1 Bxf3 11. Rxf3 Nd7 12. Nd2 1/2-1/2

[Event "X Open Vallee d'Aoste A"]
[Site "Saint Vincent - Chatillon ITA"]
[Date "2002.02.16"]
[Round "8"]
[White "Timoscenko, Gennadij A."]
[Black "Ibrahimov, Rasul"]
[Result "1/2-1/2"]
[WhiteElo "2513"]
[BlackElo "2436"]
[PlyCount "101"]
[EventDate "2002.02.09"]

1. d4 Nf6 2. c4 e6 3. Nf3 b6 4. Nc3 Bb7 5. a3 d5 6. Qc2 dxc4 7. e4 c5 8. d5
exd5 9. exd5 Be7 10. Bxc4 O-O 11. O-O Nbd7 12. Bg5 h6 13. Bh4 Ne8 14. Bxe7 Qxe7
15. Rfe1 Qd8 16. Rad1 Nd6 17. Ba2 Re8 18. Bb1 Rxe1+ 19. Rxe1 Nf8 20. Ne5 Qc7
21. Re3 Re8 22. h3 b5 23. Ng4 Rxe3 24. Nxe3 a6 25. Ne4 c4 26. Qc3 Nd7 27. Qd4
Nxe4 28. Qxe4 Nf6 29. Qd4 Nd7 30. Bf5 Qe5 31. Qa7 Qb8 32. Qd4 Qe5 33. Qd2 Qd6
34. Bxd7 Qxd7 35. d6 Bc6 36. Qd4 f6 37. f4 Kf7 38. Kf2 Ke8 39. f5 Qb7 40. Qg4
Kf8 41. Qd4 Ke8 42. Qg4 Kf8 43. Nc2 Bd7 44. Ne3 Qb6 45. Qd1 Qc5 46. g4 Qe5 47.
Qd5 Qxb2+ 48. Kf3 Qxa3 49. Qa8+ Kf7 50. Qd5+ Kf8 51. Qa8+ 1/2-1/2

[Event "X Open Vallee d'Aoste A"]
[Site "Saint Vincent - Chatillon ITA"]
[Date "2002.02.16"]
[Round "8"]
[White "Volzhin, Alexander"]
[Black "Sulava, Nenad"]
[Result "1/2-1/2"]
[WhiteElo "2521"]
[BlackElo "2552"]
[PlyCount "26"]
[EventDate "2002.02.09"]

1. e4 c5 2. Nf3 e6 3. c3 Ne7 4. d4 cxd4 5. cxd4 d5 6. Bd3 dxe4 7. Bxe4 g6 8.
O-O Bg7 9. Qe2 O-O 10. Nc3 Nd7 11. Bf4 Nf6 12. Be5 Nxe4 13. Nxe4 f6 1/2-1/2

[Event "X Open Vallee d'Aoste A"]
[Site "Saint Vincent - Chatillon ITA"]
[Date "2002.02.16"]
[Round "8"]
[White "Zelcic, Robert"]
[Black "Cebalo, Miso"]
[Result "1/2-1/2"]
[WhiteElo "2544"]
[BlackElo "2492"]
[PlyCount "84"]
[EventDate "2002.02.09"]

1. e4 c5 2. Nf3 d6 3. Bb5+ Nd7 4. d4 Ngf6 5. Nc3 cxd4 6. Qxd4 e5 7. Qd3 h6 8.
Be3 Be7 9. Bc4 a6 10. a4 Qc7 11. O-O Nc5 12. Bxc5 Qxc5 13. Nd5 Nxd5 14. Bxd5
O-O 15. Ra3 Rb8 16. Rc3 Qa5 17. Qc4 b5 18. axb5 axb5 19. Qc7 Qxc7 20. Rxc7 Bd8
21. Rc6 Be7 22. Ra1 Bb7 23. Rc7 Ra8 24. Rxa8 Rxa8 25. Kf1 Bxd5 26. exd5 Bf6 27.
Nd2 Ra4 28. c3 Bg5 29. Nf3 Ra1+ 30. Ke2 Ra2 31. Rc8+ Kh7 32. Nxg5+ hxg5 33. Rc6
Rxb2+ 34. Ke3 b4 35. cxb4 Rb3+ 36. Ke2 Rxb4 37. Rxd6 Rd4 38. h3 f6 39. g3 Kg6
40. Rd7 Kh7 41. Ke3 Kg6 42. d6 Kf5 1/2-1/2

[Event "X Open Vallee d'Aoste A"]
[Site "Saint Vincent - Chatillon ITA"]
[Date "2002.02.17"]
[Round "9"]
[White "Babula, Vlastimil"]
[Black "Tseitlin, Mark D."]
[Result "1-0"]
[WhiteElo "2551"]
[BlackElo "2486"]
[PlyCount "47"]
[EventDate "2002.02.09"]

1. d4 Nf6 2. c4 g6 3. Nc3 d5 4. Nf3 Bg7 5. Qb3 dxc4 6. Qxc4 O-O 7. e4 Na6 8.
Be2 c5 9. d5 e6 10. O-O exd5 11. exd5 Bf5 12. Rd1 Re8 13. d6 Qd7 14. Qh4 Nb4
15. Bg5 Ne4 16. Bb5 Nc6 17. Be7 Nxc3 18. bxc3 a6 19. Bxc6 Qxc6 20. Re1 Bxc3 21.
Ng5 h5 22. Qc4 Bg7 23. Qxf7+ Kh8 24. Bf6 1-0

[Event "X Open Vallee d'Aoste A"]
[Site "Saint Vincent - Chatillon ITA"]
[Date "2002.02.17"]
[Round "9"]
[White "Cvitan, Ognjen"]
[Black "Efimov, Igor"]
[Result "1/2-1/2"]
[WhiteElo "2550"]
[BlackElo "2444"]
[PlyCount "29"]
[EventDate "2002.02.09"]

1. c4 e6 2. Nf3 b6 3. g3 Bb7 4. Bg2 Nf6 5. O-O Be7 6. d4 c6 7. Qc2 d5 8. Rd1
Na6 9. Nc3 O-O 10. a3 Qc8 11. cxd5 cxd5 12. Bf4 Ne4 13. Rac1 Nxc3 14. Qxc3 Qxc3
15. Rxc3 1/2-1/2

[Event "X Open Vallee d'Aoste A"]
[Site "Saint Vincent - Chatillon ITA"]
[Date "2002.02.17"]
[Round "9"]
[White "Estremera Panos, Sergio"]
[Black "Ortega, Lexy"]
[Result "0-1"]
[WhiteElo "2385"]
[BlackElo "2481"]
[PlyCount "46"]
[EventDate "2002.02.09"]

1. d4 d5 2. c4 c6 3. e3 e6 4. Nf3 Nd7 5. Bd3 f5 6. O-O Nh6 7. b3 Bd6 8. Ba3 Bb8
9. Qc2 Nf6 10. Nbd2 Nf7 11. Rac1 Bd7 12. Qb2 Ne4 13. Ne5 Nxe5 14. dxe5 Nxd2 15.
Qxd2 Bxe5 16. Rfd1 Bf6 17. cxd5 exd5 18. e4 fxe4 19. Bxe4 dxe4 20. Qe2 Qc8 21.
Qxe4+ Kf7 22. Rd6 Bf5 23. Qf3 Re8 0-1

[Event "X Open Vallee d'Aoste A"]
[Site "Saint Vincent - Chatillon ITA"]
[Date "2002.02.17"]
[Round "9"]
[White "Fernandez Garcia, Jose' Luis"]
[Black "Khenkin, Igor"]
[Result "0-1"]
[WhiteElo "2470"]
[BlackElo "2584"]
[PlyCount "120"]
[EventDate "2002.02.09"]

1. e4 c6 2. c4 d5 3. cxd5 cxd5 4. exd5 Nf6 5. Bb5+ Nbd7 6. Nc3 a6 7. Bxd7+ Qxd7
8. Nf3 Nxd5 9. O-O e6 10. Qb3 f6 11. Re1 Kf7 12. d3 b5 13. Nd4 Nxc3 14. bxc3
Qd5 15. Qxd5 exd5 16. a4 b4 17. Bd2 bxc3 18. Bxc3 Bd6 19. Rab1 Re8 20. Re3 Rb8
21. Rxb8 Bxb8 22. Bb4 Bd7 23. Rxe8 Kxe8 24. a5 Ba7 25. Bc3 Ke7 26. Bb4+ Ke8 27.
Bc3 Bc5 28. Kf1 Ke7 29. Ke2 Kd6 30. f4 h5 31. h4 Ba7 32. Bb4+ Bc5 33. Bc3 Ke7
34. Nc2 Bg4+ 35. Kd2 Bf2 36. Nb4 Bc8 37. Ke2 Bxh4 38. Nxd5+ Kd6 39. Ne3 Bg4+
40. Nxg4 hxg4 41. Ke3 Kd5 42. f5 Bg5+ 43. Ke2 Bf4 44. Kd1 Be5 45. Kc2 Bd4 46.
Kb3 Ke5 47. Be1 Kxf5 48. Kc4 Be3 49. Kd5 Kf4 50. Kc6 Bd4 51. Kb7 Ke3 52. Kxa6
Kxd3 53. Kb5 f5 54. Bg3 g5 55. Bc7 f4 56. Bb6 f3 57. gxf3 gxf3 58. a6 f2 59. a7
f1=Q 60. a8=Q Qb1+ 0-1

[Event "X Open Vallee d'Aoste A"]
[Site "Saint Vincent - Chatillon ITA"]
[Date "2002.02.17"]
[Round "9"]
[White "Godena, Michele"]
[Black "Borgo, Giulio"]
[Result "1/2-1/2"]
[WhiteElo "2487"]
[BlackElo "2417"]
[PlyCount "38"]
[EventDate "2002.02.09"]

1. e4 Nf6 2. e5 Nd5 3. d4 d6 4. Nf3 c6 5. c4 Nc7 6. h3 dxe5 7. Nxe5 Nd7 8. Nf3
g6 9. Be2 Bg7 10. Nc3 O-O 11. Bg5 c5 12. d5 h6 13. Be3 e5 14. dxe6 Nxe6 15. Qd2
Kh7 16. Nd5 Nb8 17. h4 Nc6 18. Bd3 f5 19. O-O-O b5 1/2-1/2

[Event "X Open Vallee d'Aoste A"]
[Site "Saint Vincent - Chatillon ITA"]
[Date "2002.02.17"]
[Round "9"]
[White "Jonkman, Harmen"]
[Black "Bukal, Vladimir jr"]
[Result "1/2-1/2"]
[WhiteElo "2498"]
[BlackElo "2404"]
[PlyCount "80"]
[EventDate "2002.02.09"]

1. e4 e6 2. d4 d5 3. e5 c5 4. c3 Nc6 5. Nf3 Bd7 6. Be2 Nge7 7. O-O Ng6 8. g3 f6
9. Bd3 cxd4 10. cxd4 Nb4 11. exf6 gxf6 12. Be2 Bg7 13. Nc3 O-O 14. h4 Ne7 15.
h5 Nf5 16. Bf4 Be8 17. g4 Nd6 18. Qb3 Nc6 19. h6 Bh8 20. Bd3 Ne7 21. Qb4 Nec8
22. Rae1 Qd7 23. Kh2 a5 24. Qb3 b5 25. a4 bxa4 26. Qc2 Ra7 27. Re2 Qf7 28. Nh4
e5 29. dxe5 fxe5 30. Nxd5 Qxd5 31. Be3 e4 32. Bxe4 Nxe4 33. Bxa7 Be5+ 34. Kg1
Bc6 35. f3 Nxa7 36. Rxe4 Qd6 37. Nf5 Bxe4 38. Qxe4 Qe6 39. Qxa4 Nc8 40. Qxa5
Bxb2 1/2-1/2

[Event "X Open Vallee d'Aoste A"]
[Site "Saint Vincent - Chatillon ITA"]
[Date "2002.02.17"]
[Round "9"]
[White "Komarov, Dimitri"]
[Black "Plachetka, Jan"]
[Result "1-0"]
[WhiteElo "2537"]
[BlackElo "2422"]
[PlyCount "65"]
[EventDate "2002.02.09"]

1. d4 Nf6 2. Nf3 e6 3. c4 d5 4. Nc3 Nbd7 5. Bg5 Be7 6. e3 O-O 7. Rc1 a6 8. c5
c6 9. Bd3 h6 10. Bf4 Nh5 11. O-O Nxf4 12. exf4 b6 13. cxb6 c5 14. Bb1 cxd4 15.
Nxd4 Qxb6 16. Qd3 Nf6 17. Nxd5 exd5 18. Rc6 Qxb2 19. Rxf6 Qxb1 20. Rxb1 Bxf6
21. Nc6 Re8 22. h3 a5 23. a4 d4 24. Nxd4 Rd8 25. Qf3 Bd7 26. Nc6 Re8 27. Rb7
Be6 28. Ne7+ Bxe7 29. Rxe7 Red8 30. f5 Bd5 31. Qe3 Rdb8 32. f6 Ra6 33. Qe5 1-0

[Event "X Open Vallee d'Aoste A"]
[Site "Saint Vincent - Chatillon ITA"]
[Date "2002.02.17"]
[Round "9"]
[White "Lazarev, Vladimir"]
[Black "Masserey, Yvan"]
[Result "0-1"]
[WhiteElo "2461"]
[BlackElo "2376"]
[PlyCount "94"]
[EventDate "2002.02.09"]

1. d4 d5 2. c4 c6 3. Nf3 Nf6 4. e3 Bf5 5. Nc3 a6 6. Qb3 b5 7. cxd5 cxd5 8. Be2
Nc6 9. O-O Na5 10. Qd1 Qb6 11. Ne5 Rd8 12. b4 Nc4 13. a4 Ne4 14. Nxe4 Bxe4 15.
axb5 axb5 16. Bxc4 dxc4 17. Qg4 Bb7 18. Bb2 h5 19. Qf5 Qf6 20. Qc2 Qb6 21. Qf5
Qf6 22. Qc2 Qb6 23. f4 g6 24. Kh1 f5 25. d5 Rg8 26. Bd4 Qd6 27. Rfd1 Bg7 28.
Bc5 Qb8 29. e4 g5 30. exf5 gxf4 31. f6 Qxe5 32. Bd4 Qg5 33. fxg7 Rxd5 34. Qe4
Rxg7 35. Re1 Rd7 36. Ra8+ Bxa8 37. Qxa8+ Kf7 38. Bxg7 Kxg7 39. h3 Kf7 40. Qe4
Kg7 41. Rf1 h4 42. Kg1 c3 43. Qc6 Rd3 44. Qe4 f3 45. Rxf3 c2 46. Qxd3 c1=Q+ 47.
Kh2 Qe5+ 0-1

[Event "X Open Vallee d'Aoste A"]
[Site "Saint Vincent - Chatillon ITA"]
[Date "2002.02.09"]
[Round "9"]
[White "Malano, Francesco"]
[Black "Calzetta Ruiz, Monica"]
[Result "1-0"]
[WhiteElo "2042"]
[BlackElo "2313"]
[PlyCount "91"]
[EventDate "2002.02.09"]

1. Nf3 c5 2. c4 g6 3. g3 Bg7 4. Bg2 Nc6 5. Nc3 e6 6. e3 Nge7 7. O-O d5 8. cxd5
exd5 9. d4 cxd4 10. Nxd4 O-O 11. Nce2 Qb6 12. b3 Bg4 13. Bb2 Rfe8 14. Qd2 Ne5
15. h3 Bd7 16. Rfd1 Rad8 17. Kh2 h5 18. Nf3 Nxf3+ 19. Bxf3 Bxb2 20. Qxb2 Bf5
21. Rd2 Be4 22. Bg2 Nc6 23. Rad1 Ne5 24. Nd4 h4 25. g4 Qc7 26. Kg1 Bxg2 27.
Kxg2 Qe7 28. Qb1 Rd7 29. Nf3 Nxf3 30. Kxf3 Qe5 31. Kg2 f5 32. Rd4 Rc8 33. Qd3
Rcd8 34. Kh1 Kf7 35. gxf5 gxf5 36. Rf4 Ke6 37. Rg1 Rf8 38. Rxh4 Rf6 39. Qd4 Qc7
40. Qxa7 d4 41. Rxd4 Rh7 42. Rg3 Rfh6 43. Kg2 Qc6+ 44. e4 b5 45. Qb8 fxe4 46.
Qf4 1-0

[Event "X Open Vallee d'Aoste A"]
[Site "Saint Vincent - Chatillon ITA"]
[Date "2002.02.17"]
[Round "9"]
[White "Mirzoev, Azer"]
[Black "Estrada Nieto, Julian"]
[Result "1-0"]
[WhiteElo "2494"]
[BlackElo "2373"]
[PlyCount "59"]
[EventDate "2002.02.09"]

1. d4 d5 2. c4 dxc4 3. Nf3 c5 4. d5 b5 5. a4 Nf6 6. axb5 Qxd5 7. Nbd2 Nbd7 8.
Qc2 Bb7 9. e3 e6 10. Nxc4 Be7 11. Na5 O-O 12. Be2 Qe4 13. Qxe4 Bxe4 14. O-O
Rac8 15. b3 Bd8 16. Bb2 Bb6 17. Nd2 Ba8 18. Ndc4 Nd5 19. Rfd1 N7f6 20. f3 Nb4
21. Nxb6 axb6 22. Nc4 Nfd5 23. e4 Nc7 24. Nxb6 Rcd8 25. Be5 Ncd5 26. exd5 Bxd5
27. Nxd5 exd5 28. b6 Rfe8 29. Bc7 Rc8 30. Bb5 1-0